000 00552nam a22001817a 4500
005 20251108165508.0
008 250721s1990 xx 000 0 ara d
082 1 4 _aم/962.02/سعد
100 1 _aزغلول، سعد
245 1 0 _aمذكرات سعد زغلول /
264 1 _aالقاهرة :
_bمركز وثائق و تاريخ مصر المعاصر،
_c1990.
300 _a
650 1 7 _aمصر
650 1 7 _aالتاريخ السياسي
700 1 _aرمضان، عبد العظيم
_eتحقيق
942 _2ddc
_cREF
999 _c29286
_d29286